Most-Spoken World Languages - Statistics

General Stats
  • This quiz has been taken 50 times
  • The average score is 62 of 100
Answer Stats
Hint Language % Correct
3 English
100%
13 French
100%
Semitic Algerian Arabic
98%
Semitic Egyptian Arabic
98%
Semitic Mesopotamian Arabic
98%
Semitic Moroccan Arabic
98%
Semitic Najdi Arabic
98%
Semitic North Levantine Arabic
98%
Semitic Saidi Arabic
98%
Semitic Sanaani Arabic
98%
Semitic Sudanese Arabic
98%
Semitic Tunisian Arabic
98%
2 Spanish
96%
Romance Italian
93%
8 Japanese
93%
1 Mandarin
93%
6 Portuguese
93%
9 Standard German
93%
Germanic Dutch
91%
5 Hindi
91%
12 Korean
91%
7 Russian
91%
19 Turkish
91%
Hellenic Greek
89%
Slavic Polish
89%
14 Vietnamese
85%
Tai Northeastern Thai
83%
Romance Romanian
83%
Slavic Serbo-Croatian
83%
Germanic Swedish
83%
Tai Thai
83%
4 Bengali
80%
Uralic Hungarian
80%
Austronesian Malay
80%
Austronesian Tagalog
80%
Slavic Ukrainian
80%
Slavic Czech
76%
20 Urdu
76%
Turkic Northern Uzbek
74%
18 Tamil
74%
Tibeto-Burman Burmese
72%
Turkic Kazakh
72%
Slavic Bulgarian
70%
Indo-Aryan Eastern Punjabi
70%
Indo-Aryan Gujarati
70%
Indo-Aryan Western Punjabi
70%
Austronesian Indonesian
65%
Indo-Aryan Nepali
65%
Turkic North Azerbaijani
65%
Iranian Northern Pashto
65%
Turkic South Azerbaijani
65%
Iranian Southern Pashto
65%
Semitic Amharic
63%
Atlantic-Congo Igbo
63%
11 Javanese
63%
Sinitic Min Nan
63%
Slavic Belarusian
61%
Atlantic-Congo Zulu
61%
10 Wu
59%
Dravidian Malayalam
57%
17 Marathi
57%
Iranian Western Farsi
57%
Atlantic-Congo Yoruba
54%
Dravidian Kannada
52%
15 Telugu
52%
French Creole Haitian Creole
50%
Chadic Hausa
50%
Cushitic Somali
50%
Cushitic West-Central Oromo
50%
Indo-Aryan Sinhala
48%
Austronesian Sunda
48%
Austronesian Malagasy
41%
Sinitic Min Bei
41%
Turkic Tatar
41%
Turkic Uyghur
41%
Sinitic Jinyu
37%
Atlantic-Congo Nigerian Fulfulde
37%
Indo-Aryan Sindhi
37%
Indo-Aryan Assamese
35%
Austronesian Cebuano
35%
Indo-Aryan Oriya
35%
Sinitic Hakka
33%
Sinitic Xiang
33%
Atlantic-Congo Kinyarwanda
30%
Indo-Aryan Bhojpuri
28%
Sinitic Gan
28%
16 Yue
28%
Tai Northern Zhuang
24%
Indo-Aryan Maithili
22%
Austronesian Ilocano
17%
Indo-Aryan Chhattisgarhi
15%
Romance Lombard
15%
Indo-Aryan Awadhi
13%
Indo-Aryan Magahi
13%
Indo-Aryan Saraiki
13%
Indo-Aryan Chittagonian
11%
Indo-Aryan Deccan
11%
Indo-Aryan Haryanvi
9%
Indo-Aryan Marwari
9%
Austronesian Madura
2%
No matching quizzes found
Score Distribution
Percent of People with Each Score
Percentile by Number Answered
Your Score History
You have not taken this quiz